<?xml version="1.0" encoding="UTF-8"?>
<collection xmlns="http://www.loc.gov/MARC21/slim">
  <record>
    <leader>00000nam  2200000   4500</leader>
    <controlfield tag="001">INLIS000000000003052</controlfield>
    <controlfield tag="005">20190408020516</controlfield>
    <datafield tag="035" ind1="#" ind2="#">
      <subfield code="a">0010-0718003052</subfield>
    </datafield>
    <controlfield tag="008">190408################g##########0#ind##</controlfield>
    <datafield tag="041" ind1=" " ind2=" ">
      <subfield code="a">id</subfield>
    </datafield>
    <datafield tag="082" ind1="#" ind2="#">
      <subfield code="a">147.52</subfield>
    </datafield>
    <datafield tag="090" ind1=" " ind2=" ">
      <subfield code="a">147.52 STO p</subfield>
    </datafield>
    <datafield tag="100" ind1=" " ind2="#">
      <subfield code="a">Stockwin J.A.A.</subfield>
    </datafield>
    <datafield tag="245" ind1="1" ind2="#">
      <subfield code="a">Pluralisme Politik Dan Kemajuan Ekonomi Jepang /</subfield>
      <subfield code="c">J.A.A. Stockwin</subfield>
    </datafield>
    <datafield tag="250" ind1="#" ind2="#">
      <subfield code="a">Asli</subfield>
    </datafield>
    <datafield tag="260" ind1="#" ind2="#">
      <subfield code="a">Yogyakarta :</subfield>
      <subfield code="b">Gadjah Mada University Press,</subfield>
      <subfield code="c">1984</subfield>
    </datafield>
    <datafield tag="300" ind1="#" ind2="#">
      <subfield code="a">xv; 376 hlm. :</subfield>
      <subfield code="b">ilus ;</subfield>
      <subfield code="c">21 cm</subfield>
    </datafield>
    <datafield tag="650" ind1=" " ind2="#">
      <subfield code="a">Politik Jepang</subfield>
    </datafield>
    <datafield tag="084" ind1="#" ind2="#">
      <subfield code="a">147.52 Sto p</subfield>
    </datafield>
    <datafield tag="856" ind1="#" ind2="#">
      <subfield code="a">Perpustakaan Lembaga Administras Negara</subfield>
    </datafield>
    <datafield tag="520" ind1="#" ind2="#">
      <subfield code="a">Yang menjadi perhatian para pengarang serial ini adalah pemeintah sebagai suatu kegiatan praktis penting yang saat ini bertalian erat dengan kehidupan warga negara dalam hamlir setiap suasana. Dalam masing-masing negara, para pengarang itu berusaha mengajukan pertanyaan-pertanyaan, misalnya, bagaimana undang-undang negara itu dibuat dan diebrlakukan, dengan cara bagaimana dan oleh siapa dasar kebijakan dalam negeri dan kebijakan luar negeri suatu negara ditetapkan. Mereka tidak hanya berusaha menaksirkan peranan dari mereka yang terpilih, presiden, menteri, anggota parlemen dan anggota majelis-majelis lain yang lebih rendah, tetapi juga para pejabat dan anggota angkatan-angkatan bersenjata yang dalam berbagai cara telah memainkan peranan penting dalam masyarakat yang berbeda.</subfield>
    </datafield>
    <datafield tag="990" ind1="#" ind2="#">
      <subfield code="a">21274</subfield>
    </datafield>
    <datafield tag="990" ind1="#" ind2="#">
      <subfield code="a">21274</subfield>
    </datafield>
  </record>
</collection>
